I pantaloni d'oro /

Guardat en:
Dades bibliogràfiques
Autor principal: Bona, Gian Piero (Autor)
Format: Llibre
Idioma:italià
Publicat: Milano : Feltrinelli, 1969
Col·lecció:I narratori di Feltrinelli ; 144
Etiquetes: Afegir etiqueta
Sense etiquetes, Sigues el primer a etiquetar aquest registre!

MARC

LEADER 00000nam a2200000 i 4500
001 IT\ICCU\UPG\0010547
003 ItRI
005 20260115232257.0
008 900706s1969 it |||||| ||||| |||||c
015 |2 IT  |a 69-5316 
040 |b ita  |c importazione bologna sebina 
041 7 |a ita  |2 ISO-639-2 
082 |a 853.91  |9 NARRATIVA ITALIANA. SEC. 20.  |2 17 
100 1 |a Bona, Gian Piero  |0 IT\ICCU\CFIV\000450  |4 aut 
245 1 2 |a I pantaloni d'oro /  |c Gian Piero Bona. 
260 |a Milano :  |b Feltrinelli,  |c 1969 
300 |a 207 p. ;  |c 20 cm 
790 1 |a Bona, Giampiero  |3 IT\ICCU\CFIV\153481  |z Bona, Gian Piero 
830 2 |a I narratori di Feltrinelli ;  |v 144  |0 IT\ICCU\CFI\0000744 
942 |2 ddc  |c BK  |n 0 
952 |0 0  |1 0  |4 0  |6 DOC_853_914000000000000_BON  |7 0  |9 23449  |a BO  |b BO  |d 2026-01-15  |i 701  |l 0  |o DOC 853.914 BON  |p BO701  |r 2026-01-15 23:22:57  |w 2026-01-15  |x [Sebina 5] [1 v.]  |y BK  |z 1 v. 
999 |c 19981  |d 19981